[Event "Veliko Gradiste Silver Lake op-B"]
[Site "Veliko Gradiste"]
[Date "2017.06.21"]
[Round "5"]
[White "Radovic, Goran"]
[Black "Stoyanov, Georgi"]
[Result "0-1"]
[WhiteElo "1949"]
[BlackElo "1852"]
[PlyCount "122"]
[EventDate "2017.06.18"]
[EventType "swiss"]
[EventRounds "9"]
[EventCountry "SRB"]
[SourceTitle "CBM 179 Extra"]
[Source "ChessBase"]
[SourceDate "2017.08.23"]
[SourceVersion "1"]
[SourceVersionDate "2017.08.23"]
[SourceQuality "1"]

1. e4 c6 2. d4 d5 3. exd5 cxd5 4. c3 Nc6 5. Bf4 Nf6 6. Bd3 g6 7. h3 Bf5 8. Nf3 Bxd3 9. Qxd3 Bg7 10. Nbd2 a6 11. 0-0 0-0 12. Ne5 Rc8 13. Rfe1 Nh5 14. Bh2 f5 15. Nxc6 Rxc6 16. Be5 Nf6 17. f3 Bh6 18. Nb3 Nd7 19. Bg3 f4 20. Bf2 Bg7 21. Rad1 Rf5 22. Bh4 Bf6 23. Bxf6 Rfxf6 24. Re2 e6 25. Rde1 g5 26. Nd2 b5 27. Nf1 h5 28. b3 Rh6 29. Nh2 Qc7 30. c4 bxc4 31. bxc4 dxc4 32. Qc3 Nb6 33. Re5 Rg6 34. d5 Nxd5 35. Qc2 Kg7 36. h4 gxh4 37. Rxh5 Qb6+ 38. Kh1 Qd4 39. Ng4 Ne3 40. Qb1 Rb6 41. Qc1 c3 42. Qa3 Qb4 43. Qc1 Qb2 44. Nxe3 fxe3 45. Rg1 Qd2 46. Qa3 Rd6 47. Qc5 Qd4 48. Qc7+ Rd7 49. Qc8 e2 50. Qh8+ Kf7 51. Re5 h3 52. Qh7+ Kf6 53. Rxe6+ Kxe6 54. Qxg6+ Kd5 55. Qg8+ Kc6 56. Qc8+ Kb6 57. Rb1+ Ka5 58. Kh2 hxg2 59. Qg8 Rg7 60. Rb5+ axb5 61. Qa8+ Ra7 0-1

[Event "Sofia MGU op 186th"]
[Site "Sofia"]
[Date "2017.05.28"]
[Round "4"]
[White "Stoyanov, Georgi"]
[Black "Babatov, Martin"]
[Result "1/2-1/2"]
[WhiteElo "1892"]
[BlackElo "1741"]
[PlyCount "94"]
[EventDate "2017.05.27"]
[EventType "swiss"]
[EventRounds "6"]
[EventCountry "BUL"]
[SourceTitle "CBM 178 Extra"]
[Source "ChessBase"]
[SourceDate "2017.06.22"]
[SourceVersion "1"]
[SourceVersionDate "2017.06.22"]
[SourceQuality "1"]

1. e4 c6 2. d4 d5 3. Nc3 dxe4 4. Nxe4 Bf5 5. Ng3 Bg6 6. Nf3 Nd7 7. h4 h6 8. h5 Bh7 9. Bd3 Bxd3 10. Qxd3 Qc7 11. Bd2 Ngf6 12. 0-0-0 0-0-0 13. Kb1 e6 14. Ne4 Nxe4 15. Qxe4 Nf6 16. Qe2 c5 17. dxc5 Bxc5 18. Rh4 Kb8 19. Rc4 Qb6 20. Ne5 Rhf8 21. Bf4 Rxd1+ 22. Qxd1 Ka8 23. Qf3 Bd4 24. c3 Bxe5 25. Bxe5 Qb5 26. Qe2 Qd5 27. f3 Nxh5 28. Ra4 f6 29. Bd4 Qf5+ 30. Ka1 Nf4 31. Qd2 a6 32. Be3 Nd5 33. Bf2 Qg5 34. f4 Qxg2 35. a3 Nb6 36. Rb4 Qh1+ 37. Be1 Nd5 38. Rd4 f5 39. Ka2 Rc8 40. Bf2 Qf3 41. c4 Nf6 42. Rd8 Qc6 43. Qd4 b6 44. Rxc8+ Qxc8 45. Qxb6 Qxc4+ 46. Ka1 Qc1+ 47. Ka2 Qc4+ 1/2-1/2

[Event "Sofia MGU op 186th"]
[Site "Sofia"]
[Date "2017.05.28"]
[Round "6"]
[White "Stoyanov, Georgi"]
[Black "Ruschukov, Boyan"]
[Result "0-1"]
[WhiteElo "1892"]
[BlackElo "1787"]
[PlyCount "66"]
[EventDate "2017.05.27"]
[EventType "swiss"]
[EventRounds "6"]
[EventCountry "BUL"]
[SourceTitle "CBM 178 Extra"]
[Source "ChessBase"]
[SourceDate "2017.06.22"]
[SourceVersion "1"]
[SourceVersionDate "2017.06.22"]
[SourceQuality "1"]

1. Nf3 Nf6 2. c4 g6 3. Nc3 Bg7 4. d4 0-0 5. e4 d6 6. h3 e5 7. Bg5 h6 8. Bxf6 Qxf6 9. dxe5 dxe5 10. Be2 c6 11. 0-0 Na6 12. Qc2 Nc5 13. Rad1 Ne6 14. a3 Nf4 15. Nh2 Qg5 16. Bg4 f5 17. Bf3 Nxh3+ 18. Kh1 Nf4 19. Rd6 Ne6 20. Ne2 Qe7 21. Rdd1 Ng5 22. Ng3 Nxf3 23. gxf3 fxe4 24. fxe4 Be6 25. c5 h5 26. Rg1 Kh7 27. Qe2 Bh6 28. Rd6 Qf7 29. b4 Rae8 30. f3 Bf4 31. Qf2 Re7 32. Rf1 Bh3 33. Rg1 Re6 0-1

[Event "An Pasan Alcor Christmas"]
[Site "Sofia"]
[Date "2016.12.27"]
[Round "3.1"]
[White "Stoyanov, Georgi"]
[Black "Chivulescu, Adrian Alexandru"]
[Result "1-0"]
[WhiteElo "1895"]
[BlackElo "1750"]
[PlyCount "61"]
[EventDate "2016.12.26"]
[EventType "team-schev"]
[EventRounds "6"]
[EventCountry "BUL"]
[SourceTitle "CBM 176 Extra"]
[Source "ChessBase"]
[SourceDate "2017.03.02"]
[SourceVersion "1"]
[SourceVersionDate "2017.03.02"]
[SourceQuality "1"]
[WhiteTeam "An Pasan"]
[BlackTeam "Alcor"]
[WhiteTeamCountry "BUL"]
[BlackTeamCountry "ROU"]

1. e4 e5 2. Nf3 Nc6 3. Bc4 Bc5 4. 0-0 Nf6 5. d4 Bxd4 6. Nxd4 Nxd4 7. f4 d6 8. fxe5 dxe5 9. Bg5 Qe7 10. c3 Ne6 11. Bxf6 Qc5+ 12. Kh1 Qxc4 13. Bxe5 Qxe4 14. Bxc7 0-0 15. Nd2 Qc6 16. Bg3 Ng5 17. Nf3 Ne4 18. Bf4 Qb5 19. Qd4 Nc5 20. c4 Qc6 21. Ne5 Qb6 22. Be3 Nd7 23. Qxb6 Nxb6 24. Bc5 Re8 25. Rxf7 Nxc4 26. Nxc4 Kxf7 27. Nd6+ Kf8 28. Rf1+ Ke7 29. Re1+ Be6 30. Nxe8+ Kd7 31. Nxg7 1-0

[Event "EU-ch U12 26th"]
[Site "Prague"]
[Date "2016.08.25"]
[Round "7"]
[White "Stoyanov, Georgi"]
[Black "Ceres, Dragos"]
[Result "1-0"]
[WhiteElo "1810"]
[BlackElo "1904"]
[PlyCount "111"]
[EventDate "2016.08.18"]
[EventType "swiss"]
[EventRounds "9"]
[EventCountry "CZE"]
[SourceTitle "CBM 174 Extra"]
[Source "ChessBase"]
[SourceDate "2016.10.10"]
[SourceVersion "1"]
[SourceVersionDate "2016.10.10"]
[SourceQuality "1"]

1. d4 Nf6 2. Nf3 d5 3. e3 Bg4 4. c4 c6 5. Nbd2 e6 6. Bd3 c5 7. h3 Bh5 8. Qb3 Qc7 9. cxd5 exd5 10. dxc5 Bxc5 11. 0-0 0-0 12. Qc3 Qe7 13. Qe5 Qxe5 14. Nxe5 Nc6 15. Nxc6 bxc6 16. Nb3 Bb6 17. Bd2 c5 18. Bf5 Bg6 19. Bxg6 fxg6 20. Rac1 Ne4 21. Bc3 Rad8 22. Nd2 Ng5 23. h4 Ne6 24. Nf3 d4 25. Bd2 dxe3 26. Bxe3 Nd4 27. Nxd4 cxd4 28. Bd2 d3 29. Be3 Bxe3 30. fxe3 Rfe8 31. Rf3 Re4 32. g3 a5 33. Rd1 d2 34. b3 a4 35. Kf2 axb3 36. axb3 Rb4 37. Ke2 Rxb3 38. Rxd2 Rxd2+ 39. Kxd2 Rb6 40. e4 Rf6 41. Ke3 Kf7 42. e5 Rf5 43. g4 Rxf3+ 44. Kxf3 h6 45. Ke4 Ke6 46. h5 gxh5 47. gxh5 Ke7 48. Kd5 Kd7 49. e6+ Ke7 50. Ke5 Ke8 51. Kd6 Kd8 52. e7+ Ke8 53. Ke6 g5 54. hxg6 h5 55. g7 h4 56. g8Q# 1-0

[Event "EU-ch U12 26th"]
[Site "Prague"]
[Date "2016.08.21"]
[Round "4"]
[White "Bin Suhayl, Ieysaa"]
[Black "Stoyanov, Georgi"]
[Result "1/2-1/2"]
[WhiteElo "1899"]
[BlackElo "1810"]
[PlyCount "108"]
[EventDate "2016.08.18"]
[EventType "swiss"]
[EventRounds "9"]
[EventCountry "CZE"]
[SourceTitle "CBM 174 Extra"]
[Source "ChessBase"]
[SourceDate "2016.10.10"]
[SourceVersion "1"]
[SourceVersionDate "2016.10.10"]
[SourceQuality "1"]

1. Nf3 Nf6 2. c4 c5 3. g3 d5 4. Bg2 Nc6 5. cxd5 Nxd5 6. d4 e6 7. 0-0 Nf6 8. dxc5 Qxd1 9. Rxd1 Bxc5 10. Nc3 Ke7 11. Bg5 Bd7 12. Ne4 Bb6 13. Nxf6 gxf6 14. Bxf6+ Kxf6 15. Rxd7 Rab8 16. Nd2 Rhd8 17. Ne4+ Kg7 18. Rad1 Bd4 19. Rxd8 Rxd8 20. Nc3 Bf6 21. Rxd8 Nxd8 22. Kf1 Kf8 23. Ke1 Ke7 24. Kd2 Be5 25. f4 Bd4 26. e3 Bf6 27. h4 Kd7 28. h5 b6 29. g4 h6 30. b3 Be7 31. Ne4 f6 32. Ng3 Nf7 33. Kd3 Bc5 34. Be4 Be7 35. Bg6 Nd8 36. a4 Nb7 37. Kc4 Nd6+ 38. Kc3 a5 39. e4 e5 40. fxe5 fxe5 41. Bf5+ Ke8 42. Nf1 Kf7 43. Ne3 Bd8 44. Nc4 Nxc4 45. Kxc4 Bg5 46. Kb5 Be3 47. g5 Bxg5 48. Kxb6 Bd2 49. Kc6 Ke7 50. Kd5 Kf6 51. Kd6 Bb4+ 52. Kd7 Bc5 53. Bg6 Bb4 54. Ke8 Bc5 1/2-1/2

[Event "EU Union-ch U12"]
[Site "Kouty nad Desnou"]
[Date "2016.08.13"]
[Round "8"]
[White "Dardha, Daniel"]
[Black "Stoyanov, Georgi"]
[Result "1-0"]
[WhiteElo "2095"]
[BlackElo "1810"]
[PlyCount "53"]
[EventDate "2016.08.06"]
[EventType "swiss"]
[EventRounds "9"]
[EventCountry "CZE"]
[SourceTitle "CBM 174 Extra"]
[Source "ChessBase"]
[SourceDate "2016.10.10"]
[SourceVersion "1"]
[SourceVersionDate "2016.10.10"]
[SourceQuality "1"]

1. e4 c6 2. d4 d5 3. Nd2 dxe4 4. Nxe4 Nf6 5. Nxf6+ gxf6 6. Be3 Bf5 7. Ne2 e6 8. c4 Nd7 9. Nc3 Bb4 10. Qb3 Qa5 11. Be2 Rg8 12. Bf3 Nb6 13. Rd1 Bg4 14. Bxg4 Rxg4 15. 0-0 Bxc3 16. bxc3 Qa6 17. Rb1 0-0-0 18. f3 Rg6 19. c5 Nc4 20. Bc1 f5 21. Qc2 Rdg8 22. Rf2 h5 23. Qe2 b5 24. cxb6 axb6 25. Rb4 b5 26. a4 e5 27. Qd3 1-0

[Event "EU Union-ch U12"]
[Site "Kouty nad Desnou"]
[Date "2016.08.12"]
[Round "7"]
[White "Stoyanov, Georgi"]
[Black "Ciolacu, Alessia Mihaela"]
[Result "1-0"]
[WhiteElo "1810"]
[BlackElo "1612"]
[PlyCount "93"]
[EventDate "2016.08.06"]
[EventType "swiss"]
[EventRounds "9"]
[EventCountry "CZE"]
[SourceTitle "CBM 174 Extra"]
[Source "ChessBase"]
[SourceDate "2016.10.10"]
[SourceVersion "1"]
[SourceVersionDate "2016.10.10"]
[SourceQuality "1"]

1. e4 e5 2. Nf3 Nc6 3. Bc4 Nf6 4. d4 exd4 5. 0-0 Nxe4 6. Re1 d5 7. Bxd5 Qxd5 8. Nc3 Qa5 9. Nxe4 Be6 10. Neg5 0-0-0 11. Nxe6 fxe6 12. Rxe6 Be7 13. Qe2 Bf6 14. Bd2 Qf5 15. Qe4 Qxe4 16. Rxe4 Rhe8 17. Rae1 Rxe4 18. Rxe4 Rd5 19. Kf1 Rb5 20. b3 Rc5 21. Ne1 Kd7 22. f4 a5 23. a3 Ne7 24. g4 Nc8 25. Re2 Nb6 26. Nd3 Rxc2 27. Bxa5 Rxe2 28. Kxe2 Nd5 29. Bd2 Be7 30. Ne5+ Ke6 31. Nf3 Bxa3 32. Nxd4+ Kd7 33. f5 Bd6 34. h4 Bf4 35. Bxf4 Nxf4+ 36. Kf3 Nd3 37. Ne6 g6 38. Nf8+ Ke7 39. Nxh7 gxf5 40. gxf5 Nc5 41. h5 Nxb3 42. h6 c5 43. Ng5 Kf8 44. f6 Nd4+ 45. Ke4 Ne6 46. Nxe6+ Kf7 47. h7 1-0

[Event "EU Union-ch U12"]
[Site "Kouty nad Desnou"]
[Date "2016.08.11"]
[Round "6"]
[White "Stoyanov, Georgi"]
[Black "Khamenya, Vitalia"]
[Result "1-0"]
[WhiteElo "1810"]
[BlackElo "1680"]
[PlyCount "71"]
[EventDate "2016.08.06"]
[EventType "swiss"]
[EventRounds "9"]
[EventCountry "CZE"]
[SourceTitle "CBM 174 Extra"]
[Source "ChessBase"]
[SourceDate "2016.10.10"]
[SourceVersion "1"]
[SourceVersionDate "2016.10.10"]
[SourceQuality "1"]

1. d4 Nf6 2. c4 g6 3. Nc3 Bg7 4. e4 d6 5. f3 0-0 6. Be3 a6 7. Nge2 Nc6 8. Qd2 Na5 9. b3 b5 10. Nd5 c5 11. Rc1 Nxd5 12. cxd5 c4 13. b4 Nb7 14. Nc3 Bd7 15. Be2 a5 16. a3 axb4 17. axb4 Ra3 18. 0-0 Qa8 19. f4 Qa6 20. e5 Ra8 21. e6 fxe6 22. Bg4 Nd8 23. dxe6 Bxe6 24. Bxe6+ Nxe6 25. d5 Nc7 26. f5 Bxc3 27. Rxc3 Rxc3 28. Bd4 Rd3 29. Qh6 Rxd4 30. fxg6 Rh4 31. Qxh4 hxg6 32. Qxe7 Qa7+ 33. Kh1 Na6 34. Qe6+ Kh8 35. Rf7 Qd4 36. Qh3+ 1-0

[Event "EU Union-ch U12"]
[Site "Kouty nad Desnou"]
[Date "2016.08.10"]
[Round "5"]
[White "Szemplinski, Jerzy"]
[Black "Stoyanov, Georgi"]
[Result "1-0"]
[WhiteElo "1213"]
[BlackElo "1810"]
[PlyCount "41"]
[EventDate "2016.08.06"]
[EventType "swiss"]
[EventRounds "9"]
[EventCountry "CZE"]
[SourceTitle "CBM 174 Extra"]
[Source "ChessBase"]
[SourceDate "2016.10.10"]
[SourceVersion "1"]
[SourceVersionDate "2016.10.10"]
[SourceQuality "1"]

1. e4 g6 2. Nf3 Bg7 3. Nc3 d6 4. d4 a6 5. Bc4 e6 6. 0-0 b5 7. Bb3 Nd7 8. Ng5 Nb6 9. Qf3 Nh6 10. Rd1 0-0 11. e5 Rb8 12. Nce4 Bb7 13. Be3 Bxe4 14. Nxe4 d5 15. Nf6+ Bxf6 16. exf6 Nf5 17. Bg5 h6 18. Bf4 Nd7 19. g4 g5 20. gxf5 gxf4 21. Qg4+ 1-0